Geographie-Quiz (Leicht) - Statistiken

Allgemein
  • Dieses Quiz wurde 706 mal gespielt
    600 seit der letzten Aktualisierung
  • Das Durchschnittsergebnis liegt bei 51 aus 76
Antwortstatistiken
Frage Kachel Select % Korrekt
Länder aus, die eine Grenze zu Deutschland haben Österreich Ja
99%
Länder aus, die eine Grenze zu Deutschland haben Slowakei Nein
99%
Länder aus, die eine Grenze zu Deutschland haben Spanien Nein
99%
Länder aus, die eine Grenze zu Deutschland haben Niederlande Ja
98%
Länder aus, die eine Grenze zu Deutschland haben Polen Ja
98%
Länder aus, die eine Grenze zu Deutschland haben Schweiz Ja
98%
Länder aus, die eine Grenze zu Deutschland haben Frankreich Ja
97%
Länder aus, die eine Grenze zu Deutschland haben Italien Nein
96%
Länder aus, die eine Grenze zu Deutschland haben Tschechien Ja
96%
Länder aus, die eine Grenze zu Deutschland haben Belgien Ja
95%
Länder aus, die eine Grenze zu Deutschland haben Dänemark Ja
95%
Städte aus, welche über 500 000 EinwohnerInnen haben Hamburg Ja
95%
Länder aus, die eine Grenze zu Deutschland haben Luxemburg Ja
95%
Städte aus, welche über 500 000 EinwohnerInnen haben Köln Ja
94%
Städte aus, welche über 500 000 EinwohnerInnen haben München Ja
94%
Städte aus, welche über 500 000 EinwohnerInnen haben Frankfurt a. M. Ja
92%
Städte aus, welche über 500 000 EinwohnerInnen haben Münster Nein
91%
Städte aus, welche über 500 000 EinwohnerInnen haben Bielefeld Nein
90%
Städte aus, welche über 500 000 EinwohnerInnen haben Leverkusen Nein
89%
Städte aus, welche über 500 000 EinwohnerInnen haben Wuppertal Nein
89%
Städte aus, welche über 500 000 EinwohnerInnen haben Bochum Nein
87%
Städte aus, welche über 500 000 EinwohnerInnen haben Gelsenkirchen Nein
86%
Städte aus, welche über 500 000 EinwohnerInnen haben Stuttgart Ja
86%
Bundesländer Deutschlands aus, welche kleiner als 20 000 km² sind. (8 sind größer, 8 kleiner) Baden-Württemberg Nein
83%
Bundesländer Deutschlands aus, welche kleiner als 20 000 km² sind. (8 sind größer, 8 kleiner) Bayern Nein
83%
Länder, die größer als Deutschland sind Frankreich Ja
83%
Bundesländer Deutschlands aus, welche kleiner als 20 000 km² sind. (8 sind größer, 8 kleiner) Nordrhein-Westfalen Nein
82%
Länder, die größer als Deutschland sind Oman Nein
81%
Bundesländer Deutschlands aus, welche kleiner als 20 000 km² sind. (8 sind größer, 8 kleiner) Berlin Ja
79%
Bundesländer Deutschlands aus, welche kleiner als 20 000 km² sind. (8 sind größer, 8 kleiner) Bremen Ja
79%
Bundesländer Deutschlands aus, welche kleiner als 20 000 km² sind. (8 sind größer, 8 kleiner) Niedersachsen Nein
79%
Bundesländer Deutschlands aus, welche kleiner als 20 000 km² sind. (8 sind größer, 8 kleiner) Hamburg Ja
78%
Länder, die größer als Deutschland sind Kirgisistan Nein
77%
Bundesländer Deutschlands aus, welche kleiner als 20 000 km² sind. (8 sind größer, 8 kleiner) Saarland Ja
77%
Länder, die größer als Deutschland sind Vietnam Nein
75%
Länder, durch die der Äquator geht Brasilien Ja
74%
Städte aus, welche über 500 000 EinwohnerInnen haben Dortmund Ja
74%
Bundesländer Deutschlands aus, welche kleiner als 20 000 km² sind. (8 sind größer, 8 kleiner) Brandenburg Nein
71%
Länder, durch die der Äquator geht Tansania Nein
71%
Länder, durch die der Äquator geht Ecuador Ja
70%
Bundesländer Deutschlands aus, welche kleiner als 20 000 km² sind. (8 sind größer, 8 kleiner) Mecklenburg-Vorpommern Nein
70%
Städte aus, welche über 500 000 EinwohnerInnen haben Leipzig Ja
67%
Länder, durch die der Äquator geht Malaysia Nein
64%
Länder, die größer als Deutschland sind Phillippinen Nein
64%
Bundesländer Deutschlands aus, welche kleiner als 20 000 km² sind. (8 sind größer, 8 kleiner) Thüringen Ja
63%
Länder, die größer als Deutschland sind Niger Ja
62%
Länder, durch die der Äquator geht Äthiopien Nein
61%
Städte aus, welche über 500 000 EinwohnerInnen haben Bremen Ja
61%
Länder, durch die der Äquator geht Bolivien Nein
60%
Städte aus, welche über 500 000 EinwohnerInnen haben Hannover Ja
58%
Länder, durch die der Äquator geht Republik Kongo Ja
57%
Länder, durch die der Äquator geht Indonesien Ja
56%
Länder, durch die der Äquator geht D.R. Kongo Ja
54%
Städte aus, welche über 500 000 EinwohnerInnen haben Essen Ja
54%
Bundesländer Deutschlands aus, welche kleiner als 20 000 km² sind. (8 sind größer, 8 kleiner) Sachsen-Anhalt Nein
50%
Bundesländer Deutschlands aus, welche kleiner als 20 000 km² sind. (8 sind größer, 8 kleiner) Schleswig-Holstein Ja
48%
Länder, die größer als Deutschland sind Chile Ja
44%
Bundesländer Deutschlands aus, welche kleiner als 20 000 km² sind. (8 sind größer, 8 kleiner) Hessen Nein
44%
Länder, die größer als Deutschland sind Norwegen Nein
44%
Bundesländer Deutschlands aus, welche kleiner als 20 000 km² sind. (8 sind größer, 8 kleiner) Rheinland-Pfalz Ja
43%
Länder, durch die der Äquator geht São Tomé und Príncipe Ja
43%
Länder, durch die der Äquator geht Kolumbien Ja
42%
Bundesländer Deutschlands aus, welche kleiner als 20 000 km² sind. (8 sind größer, 8 kleiner) Sachsen Ja
41%
Länder, durch die der Äquator geht Kenia Ja
40%
Länder, die größer als Deutschland sind Republik Kongo Nein
40%
Länder, die größer als Deutschland sind Irak Ja
39%
Länder, die größer als Deutschland sind Marokko Ja
39%
Länder, durch die der Äquator geht Somalia Ja
36%
Länder, durch die der Äquator geht Gabun Ja
35%
Länder, die größer als Deutschland sind Thailand Ja
35%
Länder, durch die der Äquator geht Uganda Ja
33%
Länder, durch die der Äquator geht Äquatorialguinea Nein
31%
Länder, die größer als Deutschland sind Japan Ja
31%
Länder, die größer als Deutschland sind Kamerun Ja
22%
Länder, die größer als Deutschland sind Paraguay Ja
15%
Länder, die größer als Deutschland sind Jemen Ja
13%
Keine übereinstimmenden Quizze gefunden
Verteilung der Resultate
Anzahl Personen mit jedem Resultat
Perzentil nach korrekt beantworteten Fragen
Ihre Resultats-Entwicklung
Sie haben dieses Quiz seit der letzten Aktualisierung nicht gespielt